01392nam a2200325 i 4500003000900000005001700009007000300026008004100029020001800070040003000088082000700118100004500125245015000170264003500320300002500355336002700380337003300407338002800440490001300468504002600481590002600507700003000533710007100563910001400634942001400648952012500662952013100787952013100918999001701049DO-SdBNP20240827103228.0ta240827s2024 dr 000 spa d a9789993450207 aDO-SdBNPbspacBNPHUerda 2221 aPacheco Salazar, Bereniceeautora98641813a¿Cómo lograr la educación de calidad? :bla voz de los centros educativos de República Dominicana /cBerenice Pacheco Salazar, Joan Noboa  1aSanto Domingo :bIDEC, c2024. a78 páginasc29 cm. 2rdacontentatextobtxt 2rdamediaasin mediaciónbn 2rdacarrieravolumenbnc1 aEstudio  aBibliografía p: 78. aInventariado,2024/ YL1 aNoboa, Joaneautor986419 aIniciativa Dominicana por una Educación de Calidad (IDEC)986421 aYLockward 2ddccLBS1 00102ddc51708PDaBNPHUbBNPHUcCTd2024-07-16eDeposito Legall0o BNPHU PDp2024-5115r2024-08-27w2024-08-27yLBS1 00102ddc51708PDaBNPHUbBNPHUcCTd2024-07-16eDeposito Legall0o BNPHU PDp2024-5116r2024-08-27te. 2w2024-08-27yLBS1 00102ddc56708DSaBNPHUbBNPHUcCTd2024-07-16eDeposito Legall0o BNPHU DSp2024-5117r2024-08-27te. 3w2024-08-27yLBS1 c57558d57558